000 00292nam a2200121Ia 4500
008 240731s9999 xx 000 0 und d
022 _a1465-3427
245 0 _aEurope-Asia Studies
260 _bRoutledge
856 _uhttps://www.tandfonline.com/loi/ceas20
942 _2ddc
942 _cTFEJ
999 _c76492
_d76492
945 _a1
_bMadushi Gamage
_c1
_dMadushi Gamage